Estadísticas para Países de África con un Mapa Vacío

Haz click aquí para tomar la prueba!

Estadísticas generales

  • Esta prueba ha sido tomada 2,814 veces
  • La puntuación promedio es 49 de 54

Estadísticas de respuestas

País % Correcto
Egipto
98%
Rep. Dem. del Congo
97%
República del Congo
97%
Níger
97%
Argelia
97%
Marruecos
97%
Nigeria
97%
Sudáfrica
97%
Libia
96%
Sudán
96%
Angola
95%
Guinea
95%
Malí
95%
Etiopía
95%
Mauritania
94%
Somalia
94%
Sudán del Sur
94%
Kenia
94%
Túnez
94%
Chad
94%
Zambia
93%
Camerún
93%
Madagascar
93%
Senegal
93%
Guinea Ecuatorial
92%
Rep. Centroafricana
92%
Eritrea
92%
Tanzania
92%
Mozambique
91%
Zimbabue
91%
Ghana
91%
Namibia
90%
Botsuana
90%
Uganda
90%
Guinea-Bissau
90%
Lesoto
90%
Costa de Marfil
90%
Togo
90%
Ruanda
89%
Gambia
88%
Suazilandia
87%
Liberia
87%
Burkina Faso
87%
Cabo Verde
87%
Gabón
87%
Burundi
86%
Sierra Leona
86%
Benín
85%
Malaui
85%
Mauricio
83%
Yibuti
82%
Seychelles
82%
Comoras
79%
Santo Tomé y Príncipe
76%

Distribución de puntuación

Porcentaje por número respondido

Porcentaje de gente con cada puntuación

Historial de tus puntuaciones

No has tomado esta prueba